| 000 | 01069nam2a22002291 4500 | ||
|---|---|---|---|
| 001 | rc\675947 | ||
| 005 | 20250621222539.0 | ||
| 035 | _a(NLR Aleph) 005953442 | ||
| 090 |
_a6785243 _c6785243 |
||
| 100 | _a20031121d1986 |||y0rusy50 ca | ||
| 101 | 0 | _arus | |
| 102 | _aRU | ||
| 105 | _ay ||||||||| | ||
| 200 | 0 |
_a1984-1986 гг. _fСост. Красницкая Н.М. |
|
| 210 |
_d1986 _aБ. м. |
||
| 215 | _a32 л. | ||
| 461 | 0 |
_1001rc\675946 _12001#$aНовые методы хозяйствования и аттестации рабочих мест...$fОНТИ ЦПКТБ Дальрыбы, Информ. центр Дальневост. бассейна$v1984-1986 гг. _96785235 _cВладивосток _d1986 _fОНТИ ЦПКТБ Дальрыбы, Информ. центр Дальневост. бассейна _nБ. и. _tНовые методы хозяйствования и аттестации рабочих мест... _v1984-1986 гг. |
|
| 801 | 0 |
_aRU _bNLR _gpsbo |
|
| 801 | 1 |
_aRU _bELAR _2rusmarc |
|
| 852 |
_aNLR _bС _jК-5/168 |
||
| 942 | _cBOOK | ||
| 980 | _aNB | ||